Online
Catalog

Interpretación constitucional / (Record no. 49348)

MARC details
000 -CABECERA
campo de control de longitud fija 01624nam a22003137a 4500
003 - IDENTIFICADOR DEL NÚMERO DE CONTROL
campo de control OSt
005 - FECHA Y HORA DE LA ÚLTIMA TRANSACCIÓN
campo de control 20250120125838.0
007 - CAMPO FIJO DE DESCRIPCIÓN FÍSICA--INFORMACIÓN GENERAL
campo de control de longitud fija ta
008 - DATOS DE LONGITUD FIJA--INFORMACIÓN GENERAL
campo de control de longitud fija 210201e2020 dr ||||gr|||| 001 0 spa d
020 ## - NÚMERO INTERNACIONAL ESTÁNDAR DEL LIBRO
Número Internacional Estándar del Libro 9789945425543
020 ## - NÚMERO INTERNACIONAL ESTÁNDAR DEL LIBRO
Número Internacional Estándar del Libro 9789945425536 (versión digital)
040 ## - FUENTE DE LA CATALOGACIÓN
Centro catalogador/agencia de origen DO-SdBNP
Lengua de catalogación spa
Centro/agencia transcriptor BNPHU
041 ## - CÓDIGO DE LENGUA
Código de lengua original spa
082 ## - NÚMERO DE LA CLASIFICACIÓN DECIMAL DEWEY
Número de clasificación BNPHU-xxx
Número de documento/Ítem V985i
100 ## - ENTRADA PRINCIPAL--NOMBRE DE PERSONA
Nombre de persona Vásquez Correa, Domingo Rafael.
9 (RLIN) 77720
245 10 - MENCIÓN DE TÍTULO
Título Interpretación constitucional /
Mención de responsabilidad, etc. Hermógenes Acosta de los Santos , Domingo Gil.
260 ## - PUBLICACIÓN, DISTRIBUCIÓN, ETC.
Lugar de publicación, distribución, etc. Santo Domingo :
Nombre del editor, distribuidor, etc. Escuela Nacional de la Judicatura ,
Fecha de publicación, distribución, etc. 2020
300 ## - DESCRIPCIÓN FÍSICA
Extensión 185 pg. ;
Dimensiones 22 cm.
500 ## - NOTA GENERAL
Nota general Incluye notas al pié de página.
504 ## - NOTA DE BIBLIOGRAFÍA, ETC.
Nota de bibliografía, etc. Incluye bibliografía, pg. 183-185.
505 1# - NOTA DE CONTENIDO CON FORMATO
Nota de contenido con formato Presentación.
505 1# - NOTA DE CONTENIDO CON FORMATO
Nota de contenido con formato Prólogo.
505 1# - NOTA DE CONTENIDO CON FORMATO
Nota de contenido con formato Primera parte : los principios de la interpretación constitucional.
Título Capítulo 1 : principio de interpretación constitucional.<br/>Capítulo 2 : Estudio de los principios de interpretación constitucional.<br/>Capítulo 3 :Análisis particular de los principio se interpretación constitucional.<br/>Capítulo 4 : la interpretación de la constitución.<br/>Capítulo 5 : los métodos de interpretación.
505 1# - NOTA DE CONTENIDO CON FORMATO
Nota de contenido con formato Tercera parte : límites de la interpretación constitucional.
Título Capítulo 6 : la necesidad del establecimiento de límites a la interpretación constitucional.<br/>Capítulo 7 : los controles sobre la labor del intérprete constitucional.
700 12 - PUNTO DE ACCESO ADICIONAL--NOMBRE DE PERSONA
Nombre de persona Acosta de los Santos, Hermógenes
9 (RLIN) 49375
700 12 - PUNTO DE ACCESO ADICIONAL--NOMBRE DE PERSONA
Nombre de persona Acosta de los Santos, Hermógenes
9 (RLIN) 49375
700 12 - PUNTO DE ACCESO ADICIONAL--NOMBRE DE PERSONA
Nombre de persona Gil, Domingo A.
Forma completa/desarrollada del nombre (Domingo Antonio),
Fechas asociadas al nombre 1953-
9 (RLIN) 16473
942 ## - ELEMENTOS DE PUNTO DE ACCESO ADICIONAL (KOHA)
Fuente del sistema de clasificación o colocación Dewey Decimal Classification
Tipo de ítem Koha Libro
Holdings
Estado de retiro Estado de pérdida Fuente del sistema de clasificación o colocación No para préstamo Código de colección Localización permanente Ubicación/localización actual Fecha de adquisición Fuente de adquisición Total de préstamos Signatura topográfica completa Código de barras Fecha visto por última vez Precio válido a partir de Tipo de ítem Koha Ubicación en estantería Número de copia
    Dewey Decimal Classification Excluido de préstamo Patrimonio Dominicano Biblioteca Nacional Pedro Henríquez Ureña Patrimonio Dominicano 03.02.2021 Donado por la Escuela Nacional de la Judicatura   BNPHU-xxx V985i 2021-0138 03.02.2021 03.02.2021 Libro y Folleto Colección Patrimonio Dominicano    
    Dewey Decimal Classification Excluido de préstamo Patrimonio Dominicano Biblioteca Nacional Pedro Henríquez Ureña Patrimonio Dominicano 14.10.2020 Donado por Escuela Nacional de la Judicatura   BNPHU-xxx V985i 2021-0139 03.02.2021 03.02.2021 Libro y Folleto Colección Patrimonio Dominicano Depósito e.2

Powered by Koha